[Event "Florianopolis op 5th"]
[White "Stasaitits, Tiago"]
[Black "Da Silva, Daniel Pereira"]
[Site "Florianopolis"]
[Round "9"]
[Result "0-1"]
[Date "2019.01.26"]
[WhiteElo "1528"]
[BlackElo "1773"]
[PlyCount "88"]
[EventDate "2019.01.21"]
[EventType "swiss"]
[EventRounds "10"]
[EventCountry "BRA"]
[SourceTitle "CBM 188 Extra"]
[Source "ChessBase"]
[SourceDate "2019.02.28"]
[SourceVersion "1"]
[SourceVersionDate "2019.02.28"]
[SourceQuality "1"]

1. e4 c5 2. Nf3 e6 3. d4 cxd4 4. Nxd4 Nc6 5. Nc3 Qc7 6. Nxc6 bxc6 7. Bd3 Nf6 8. 0-0 d5 9. exd5 cxd5 10. Re1 a6 11. Qf3 Bd6 12. h3 h6 13. Nxd5 Nxd5 14. Qxd5 0-0 15. Qc4 Qa5 16. Bf4 Bxf4 17. Qxf4 Bb7 18. Re5 Qb6 19. b3 Rad8 20. Rae1 Rd7 21. R1e3 Rd4 22. Qg3 Rfd8 23. c3 R4d5 24. Rxd5 Rxd5 25. Kf1 Rd8 26. Ke2 Kf8 27. Be4 Qb5+ 28. c4 Qb4 29. Rd3 Rxd3 30. Qxd3 Ke7 31. Bxb7 Qxb7 32. f3 Qb4 33. Qd2 Qc5 34. a4 Qg1 35. Kd3 Qb1+ 36. Kc3 Qa1+ 37. Kb4 Qe5 38. c5 f5 39. Qd6+ Qxd6 40. cxd6+ Kxd6 41. Ka5 e5 42. Kb4 Kd5 43. Kc3 Kc5 44. Kd3 Kb4 0-1

[Event "Florianopolis op 5th"]
[White "Ittner, Emily Caroline"]
[Black "Stasaitits, Tiago"]
[Site "Florianopolis"]
[Round "6"]
[Result "0-1"]
[Date "2019.01.24"]
[WhiteElo "1087"]
[BlackElo "1528"]
[PlyCount "74"]
[EventDate "2019.01.21"]
[EventType "swiss"]
[EventRounds "10"]
[EventCountry "BRA"]
[SourceTitle "CBM 188 Extra"]
[Source "ChessBase"]
[SourceDate "2019.02.28"]
[SourceVersion "1"]
[SourceVersionDate "2019.02.28"]
[SourceQuality "1"]

1. c4 d6 2. d3 Nc6 3. e3 g6 4. Nf3 Bg7 5. Be2 Nf6 6. 0-0 0-0 7. Nbd2 Re8 8. Rb1 e5 9. e4 b6 10. a3 Bb7 11. b4 Nb8 12. Bb2 Nbd7 13. Re1 c5 14. b5 Nf8 15. Qc1 Qd7 16. Bc3 h6 17. Nb3 N6h7 18. Bd2 h5 19. Bh6 f5 20. exf5 Qxf5 21. Nh4 Qf6 22. Bf3 Bxf3 23. Nxf3 Ne6 24. Bxg7 Kxg7 25. Nbd2 Nf4 26. Ne4 Qe6 27. Qd2 Rf8 28. Re3 Rad8 29. Qc3 Qg4 30. Ne1 Nf6 31. Nxf6 Rxf6 32. Qc2 Rdf8 33. Rg3 Ne2+ 34. Kh1 Nxg3+ 35. hxg3 Rxf2 36. Qc3 Qxg3 37. Rb2 Rf1# 0-1

[Event "Blumenau STD op"]
[White "Da Silva Junior, Marco Aurelio"]
[Black "Stasaitits, Tiago"]
[Site "Blumenau"]
[Round "4"]
[Result "1-0"]
[Date "2018.09.29"]
[WhiteElo "1591"]
[BlackElo "1809"]
[PlyCount "45"]
[EventDate "2018.09.28"]
[EventType "swiss"]
[EventRounds "6"]
[EventCountry "BRA"]
[SourceTitle "EXT 2020"]
[Source "ChessBase"]
[SourceDate "2019.10.17"]
[SourceVersion "1"]
[SourceVersionDate "2019.10.17"]
[SourceQuality "1"]

1. e4 c5 2. Nf3 Nc6 3. Bb5 a6 4. Bxc6 bxc6 5. d3 e6 6. 0-0 Ne7 7. Be3 Qb6 8. Qc1 d5 9. Nbd2 Bb7 10. b4 d4 11. bxc5 Qxc5 12. Bxd4 Qa5 13. Nc4 Qc7 14. Be5 Qd7 15. Nd6+ Kd8 16. Nxf7+ Ke8 17. Nd6+ Kd8 18. Qb2 Nc8 19. Nxb7+ Ke8 20. Rab1 Rg8 21. Qb6 Ra7 22. Ng5 Ke7 23. Nc5 1-0

[Event "Blumenau STD op"]
[White "De Bem, Lais Colin"]
[Black "Stasaitits, Tiago"]
[Site "Blumenau"]
[Round "2"]
[Result "0-1"]
[Date "2018.09.28"]
[WhiteElo "1562"]
[BlackElo "1809"]
[PlyCount "98"]
[EventDate "2018.09.28"]
[EventType "swiss"]
[EventRounds "6"]
[EventCountry "BRA"]
[SourceTitle "EXT 2020"]
[Source "ChessBase"]
[SourceDate "2019.10.17"]
[SourceVersion "1"]
[SourceVersionDate "2019.10.17"]
[SourceQuality "1"]

1. d4 d5 2. c4 Nf6 3. Nf3 e6 4. Nc3 Bb4 5. Bg5 0-0 6. e3 c6 7. Bd3 dxc4 8. Bxc4 Nbd7 9. 0-0 Be7 10. Re1 b5 11. Bd3 Bb7 12. Rc1 a6 13. Bb1 Rc8 14. e4 c5 15. dxc5 Nxc5 16. Qxd8 Rfxd8 17. e5 Nd5 18. Nxd5 Bxg5 19. Nxg5 Rxd5 20. Bxh7+ Kh8 21. Be4 Nxe4 22. Nxe4 Rxe5 23. Nd6 Rxe1+ 24. Rxe1 Rc7 25. h3 Bd5 26. a3 Kg8 27. Re2 Rc5 28. Ne4 Rc1+ 29. Kh2 Bxe4 30. Rxe4 Rc2 31. b4 Rxf2 32. Rd4 Ra2 33. Rd3 g6 34. Kg3 Kg7 35. Kf3 f5 36. g3 e5 37. Ke3 Kh6 38. Rc3 Kg5 39. Kf3 e4+ 40. Ke3 Kh5 41. Kd4 Rh2 42. h4 Rh3 43. Ke5 Kg4 44. Rc6 e3 45. Rc2 Rxg3 46. Kd5 Kxh4 47. Kc6 e2 48. Rxe2 Rxa3 49. Kb6 f4 0-1

[Event "Blumenau STD op"]
[White "Stasaitits, Tiago"]
[Black "Salvadego, Matheus Henrique De"]
[Site "Blumenau"]
[Round "1"]
[Result "0-1"]
[Date "2018.09.28"]
[WhiteElo "1809"]
[BlackElo "1818"]
[PlyCount "66"]
[EventDate "2018.09.28"]
[EventType "swiss"]
[EventRounds "6"]
[EventCountry "BRA"]
[SourceTitle "EXT 2020"]
[Source "ChessBase"]
[SourceDate "2019.10.17"]
[SourceVersion "1"]
[SourceVersionDate "2019.10.17"]
[SourceQuality "1"]

1. e4 e6 2. Nf3 d5 3. exd5 exd5 4. d4 Nf6 5. Bg5 Be7 6. Nc3 Bg4 7. Be2 0-0 8. 0-0 c6 9. Re1 Nbd7 10. a3 Re8 11. Qd2 h6 12. Bxf6 Bxf6 13. Qf4 Bh5 14. Rad1 Bg6 15. Bd3 Bxd3 16. Rxd3 Rxe1+ 17. Nxe1 Bg5 18. Qg3 Qe7 19. Nf3 Bc1 20. Nd1 Qe2 21. Ne3 Re8 22. Qf4 Bxe3 23. fxe3 Qxc2 24. Rd2 Qb3 25. Re2 Qd1+ 26. Kf2 Nf6 27. Nd2 Re4 28. Qb8+ Kh7 29. Qc8 Ng4+ 30. Kf3 Rxe3+ 31. Kxg4 Qxe2+ 32. Kf4 g5+ 33. Kf5 Qd3+ 0-1